Catálogo
 En Linea

Frente a la vida / (Registro nro. 58615)

Detalles MARC
000 -CABECERA
campo de control de longitud fija 01587nam a2200277 i 4500
003 - IDENTIFICADOR DEL NÚMERO DE CONTROL
campo de control DO-SdBNP
005 - FECHA Y HORA DE LA ÚLTIMA TRANSACCIÓN
campo de control 20250404103612.0
007 - CAMPO FIJO DE DESCRIPCIÓN FÍSICA--INFORMACIÓN GENERAL
campo de control de longitud fija ta
008 - DATOS DE LONGITUD FIJA--INFORMACIÓN GENERAL
campo de control de longitud fija 250404t2024 dr 00| ||spa d
020 ## - NÚMERO INTERNACIONAL ESTÁNDAR DEL LIBRO
ISBN cancelado o inválido 9789945484717
040 ## - FUENTE DE LA CATALOGACIÓN
Centro catalogador/agencia de origen DO-SdBNP
Lengua de catalogación spa
Centro/agencia transcriptor BNPHU
Normas de descripción rda
082 ## - NÚMERO DE LA CLASIFICACIÓN DECIMAL DEWEY
Número de clasificación xxx
Número de documento/Ítem R788
Número de edición 22
100 1# - ENTRADA PRINCIPAL--NOMBRE DE PERSONA
Nombre de persona Rosa, Nicanor de la,
Fechas asociadas al nombre 1951-
Término indicativo de función/relación autor
Código de función/relación aut.
9 (RLIN) 43297
245 10 - MENCIÓN DE TÍTULO
Título Frente a la vida /
Mención de responsabilidad, etc. Nicanor de la Rosa
264 ## - PRODUCCIÓN, PUBLICACIÓN, DISTRIBUCIÓN, FABRICACIÓN Y COPYRIGHT
Producción, publicación, distribución, fabricación y copyright Santo Domingo :
Nombre del de productor, editor, distribuidor, fabricante FLAM,
Fecha de producción, publicación, distribución, fabricación o copyright 2024.
300 ## - DESCRIPCIÓN FÍSICA
Extensión 102 páginas
Dimensiones 23 cm.
336 ## - TIPO DE CONTENIDO
Término de tipo de contenido texto
Código de tipo de contenido txt
Fuente rdacontent
337 ## - TIPO DE MEDIO
Nombre/término del tipo de medio sin mediación
Código del tipo de medio n
Fuente rdamedia
338 ## - TIPO DE SOPORTE
Nombre/término del tipo de soporte volumen
Código del tipo de soporte nc
Fuente rdacarrier
500 ## - NOTA GENERAL
Nota general Incluye datos biográficos del autor en las solapas.
520 ## - SUMARIO, ETC.
Sumario, etc. «Frente a la vida» es un reflejo de la cotidianidad con que el hombre rural percibe hechos predestinados que, aunque insólitos, siempre son un reflejo de sus propias emociones y deseos, lo que nos lleva a pensar que la vorágine urbana en la que eventualmente pasa a vivir este mismo hombre es simplemente una extensión de lo que dejó atrás y anhela recuperar.<br/>Esta compilación de 20 cuentos del escritor Nicanor de la Rosa está cargada de emociones, presentando personajes cuyas vidas están marcadas por una repetición de muertes físicas, morales y sentimentales. En sus sueños, estos personajes ven cómo se va sepultando aquello que los hace humanos, aceptando que no vale la pena regresar, y así se pierden en su existencia.
590 ## - NOTA LOCAL (RLIN)
Nota local Inventariado, 2025/ YL
710 ## - PUNTO DE ACCESO ADICIONAL--NOMBRE DE ENTIDAD CORPORATIVA
Nombre de entidad corporativa o nombre de jurisdicción como elemento de entrada Fundación Literaria Aníbal Montaño (FLAM)
9 (RLIN) 72768
910 ## - DATOS DE OPCIÓN DEL USUARIO (OCLC)
Datos de opción del usuario YLockward
942 ## - ELEMENTOS DE PUNTO DE ACCESO ADICIONAL (KOHA)
Fuente del sistema de clasificación o colocación Dewey Decimal Classification
Tipo de ítem Koha Libro
Existencias
Estado de retiro Estado de pérdida Fuente del sistema de clasificación o colocación Restricciones de uso No para préstamo Código de colección Localización permanente Ubicación/localización actual Ubicación en estantería Fecha de adquisición Fuente de adquisición Total de préstamos Signatura topográfica completa Código de barras Fecha visto por última vez Precio válido a partir de Tipo de ítem Koha Número de copia
    Dewey Decimal Classification Excluido de préstamo   Patrimonio Dominicano Biblioteca Nacional Pedro Henríquez Ureña Biblioteca Nacional Pedro Henríquez Ureña En catalogación 11.09.2024 Depósito Legal   BNPHU PD xxx R788 2025-2636 04.04.2025 04.04.2025 Libro  
    Dewey Decimal Classification Excluido de préstamo   Patrimonio Dominicano Biblioteca Nacional Pedro Henríquez Ureña Biblioteca Nacional Pedro Henríquez Ureña En catalogación 11.09.2024 Depósito Legal   BNPHU PD xxx R788 2025-2637 04.04.2025 04.04.2025 Libro e. 2
    Dewey Decimal Classification Préstamo en sala   Dominicana de Servicio Biblioteca Nacional Pedro Henríquez Ureña Biblioteca Nacional Pedro Henríquez Ureña En catalogación 11.09.2024 Depósito Legal   BNPHU DS xxx R788 2025-2638 04.04.2025 04.04.2025 Libro e. 3

Con tecnología Koha